| 000 | 01065pam a2200301 i 4500 | ||
|---|---|---|---|
| 001 | 016774916 | ||
| 003 | EG-ScBUE | ||
| 005 | 20220303092742.0 | ||
| 008 | 140515s2014 enkb j 000 1 eng d | ||
| 020 |
_a9781408855652 (pbk.) : _c£6.99 |
||
| 040 |
_aStDuBDS _beng _erda _cStDuBDS _dUk _dEG-ScBUE |
||
| 082 | 0 | 4 |
_a823.914 _222 _bROW |
| 100 | 1 |
_aRowling, J. K., _eauthor. |
|
| 245 | 1 | 0 |
_aHarry Potter and the philosopher's stone / _cJ.K. Rowling. |
| 264 | 1 |
_aLondon : _bBloomsbury, _c2014. |
|
| 300 |
_a331 pages : _bmaps ; _c21 cm |
||
| 336 |
_atext _2rdacontent _btxt |
||
| 337 |
_aunmediated _2rdamedia _bn |
||
| 338 |
_avolume _2rdacarrier _bnc |
||
| 650 | 7 |
_aPotter, Harry (Fictitious character) _vJuvenile fiction. _2BUEsh |
|
| 650 | 7 |
_aHogwarts School of Witchcraft and Wizardry (Imaginary organization) _vJuvenile fiction. _2BUEsh |
|
| 650 | 7 |
_aWizards _vJuvenile fiction. _2BUEsh _937454 |
|
| 653 |
_bHHUUEENN _cMarch2022 |
||
| 655 |
_vReading book _934232 |
||
| 942 |
_2ddc _cBB |
||
| 999 |
_c29830 _d29801 |
||